| 000 | 00340nam a2200121Ia 4500 | ||
|---|---|---|---|
| 008 | 180219s9999 xx 000 0 und d | ||
| 020 | _a9814058769 | ||
| 100 | _aMarieb, Elaine N. | ||
| 245 | _aEssentials of human anatomy & physiology / | ||
| 250 | _a6th ed | ||
| 260 |
_aSingapore : _bPearson education asia _c2002 |
||
| 300 | _av, 558 pages | ||
| 999 |
_c356002 _d356002 |
||